مكتبة جامعة عجلون الوطنية

فهرس بحث المكتبة

التبادل وعمليات الإستثمار والإدخار في المجتمع المحلي التقليدي والحضري: دراسة مقارنة في الانثروبولوجيا الاقتصادية (Record no. 7408)

MARC details
000 -LEADER
fixed length control field 00867nam a2200205Ii 4500
003 - CONTROL NUMBER IDENTIFIER
control field JO-AjNU
008 - FIXED-LENGTH DATA ELEMENTS--GENERAL INFORMATION
fixed length control field 230605s9999||||xx |||||||||||||| ||und||
017 ## - COPYRIGHT OR LEGAL DEPOSIT NUMBER
Copyright or legal deposit number 1982/4679
040 ## - CATALOGING SOURCE
Original cataloging agency JO-AjNU
Language of cataloging ara
Description conventions rda
Transcribing agency JO-AjNU
041 ## - LANGUAGE CODE
Language code of text/sound track or separate title ara
050 14 - LIBRARY OF CONGRESS CALL NUMBER
Classification number GN448.A222 1982
100 3# - MAIN ENTRY--PERSONAL NAME
Personal name تاليف غانم، عبدالله عبد الغني,
Relator term author
9 (RLIN) 14418
245 00 - TITLE STATEMENT
Title التبادل وعمليات الإستثمار والإدخار في المجتمع المحلي التقليدي والحضري: دراسة مقارنة في الانثروبولوجيا الاقتصادية
264 31 - PRODUCTION, PUBLICATION, DISTRIBUTION, MANUFACTURE, AND COPYRIGHT NOTICE
Place of production, publication, distribution, manufacture الاسكندرية: المكتب الجامعي الحديث، 1982
300 ## - PHYSICAL DESCRIPTION
Extent 488ص
336 ## - CONTENT TYPE
Content type term text
Content type code txt
Source rdacontent
337 ## - MEDIA TYPE
Media type term unmediated
Media type code n
Source rdamedia
338 ## - CARRIER TYPE
Carrier type term volume
Carrier type code nc
Source rdacarrier
650 #4 - SUBJECT ADDED ENTRY--TOPICAL TERM
Topical term or geographic name entry element الادخار- الاستثمار- التوفير
9 (RLIN) 14419
Holdings
Withdrawn status Lost status Source of classification or shelving scheme Damaged status Not for loan Home library Current library Shelving location Date acquired Total Checkouts Full call number Barcode Date last seen Price effective from Koha item type
    Library of Congress Classification     مكتبة جامعة عجلون الوطنية مكتبة جامعة عجلون الوطنية المجموعات العامة 06/06/2023   GN448.A222 1982 A3840 06/06/2023 06/06/2023 Books